000 01359nam a2200349 a 4500
999 _c3977
_d3977
001 3977
003 BD-JhCC
005 20180306172454.0
008 171120s196619uuenkar b o0 a0eng d
035 _a(BD-JhCC)3977
040 _dBD-JhCC
_aBD-JhCC
041 _aeng
050 0 0 _aZ1035
_b.B84
082 0 _a016
_bBRI 1966
245 0 0 _aBritish book news :
_bA Guide to Book Selection /
_cBritish Council.
260 _aLondon :
_bPublished for the National Book League by Longmans, Green
_c1966.
300 _aVerious Pages :
_bill., ports., maps ;
_c22 cm.
500 _aCumulation of the monthly publication.
504 _aIncludes Bibliographical Reference and Index.
525 _aSupplements accompany some issues.
550 _aPublished by the National Book Council, 1940-1943; by the National Book League, 1944-1956 (for the British Council, 1944-1956); by the British Council, 1957-
650 7 _aBibliography
_xBest books
_xEnglish Literature
650 7 _aBest books.
651 7 _aGreat Britain
_xImprints
_xPeriodicals
_xPUBLICACIONES PERIODICAS.
655 7 _aBibliography.
_2fast
655 7 _aPeriodicals.
_2fast
710 2 _aBritish Council.
710 2 _aNational Book Council (Great Britain)
710 2 _aNational Book League (Great Britain)
942 _2ddc
_cBK